Tabula Smaragdina Medico-Pharmacevitica; In qua Octinengentorum, contra omnis generis Morbos ...

Bibliographic Details
Main Author: Fraundorffer, Philipp (Author)
Format: Book
Language:English
PhysicalDescription:[23], 468, [44]s.
Published: Norimbergae Simptibus Viduae Joh. Ziegeri 1713

MARC

LEADER 00000nam a2200000 a 4500
001 vtls009481368
003 SK-MaSNL
005 20260302080454.0
008 240314 000 0 eng
040 |a SNK  |b slo  |c SNK  |e AACR2 
100 1 |a Fraundorffer, Philipp  |4 aut  |9 744621 
245 1 0 |a Tabula Smaragdina Medico-Pharmacevitica; In qua Octinengentorum, contra omnis generis Morbos ... 
260 |a Norimbergae  |b Simptibus Viduae Joh. Ziegeri  |c 1713 
300 |a [23], 468, [44]s. 
999 |c 1173229  |d 1175159 
952 |a SNK  |b SNK  |y VYP  |7 0  |p 17A0614865  |o snkID 63064  |i snkF 178/75  |8 5  |3 rekatalogizácia  |0 0  |1 0  |4 0  |d 2009-03-09  |l 0  |r 2026-02-24 21:11:49  |w 2026-02-24